• 首页
  • 本馆介绍
  • 公告通知
  • 最新文献
  • 馆藏检索
  • 电子资源
  • 读者导购
  • 参考咨询
  • 我的图书馆
  • 登录
  • 详细信息显示
  • 放入我的书架
  • 预约/预借图书
  • 作者相关作品
  • 分类相关作品
  • 丛书相关作品
  • 出版社相关作品

书目信息

  • 表格格式
  • 工作单格式
  • 卡片格式
题名:
8种豆类特菜栽培技术
    
 
作者: 邱仲华 编著
分册:  
出版信息: 北京   农业出版社  2003.01
页数: 260页
开本: 20cm
丛书名: TC绿岛丛书
单 册:
中图分类: S643.04
科图分类:
主题词: 园艺
电子资源:
ISBN: 7-109-07793-4
000 00633nam0 2200217 450
001 0334929051
005 20031219094208.27
010    @a7-109-07793-4@dCNY15.00
100    @a20031219d2003 km y0chiy0120 ea
101 0  @achi
102    @aCN@b110000
200 1  @a8种豆类特菜栽培技术@A8 zhong dou lei te cai zai pei ji shu@f邱仲华等编著@Fqiu zhong hua deng bian zhu
210    @a北京@c农业出版社@d2003.01
215    @a260页@c图@d20cm
225 2  @aTC绿岛丛书
410  0 @12001 @aTC绿岛丛书
606 0  @a园艺
690    @aS643.04@v4
701  0 @a邱仲华@Aqiu zhong hua@4编著
801  0 @aCN@bPFT@c20031219
905    @aBZT@dS643.04@e1@f5
    
    8种豆类特菜栽培技术/邱仲华等编著.-北京:农业出版社,2003.01
    260页:图;20cm.-(TC绿岛丛书)
    
    
    ISBN 7-109-07793-4:CNY15.00
    
●
相关链接 在五车中查询图书 在当当中查询图书 在豆瓣中查询图书


正题名:8种豆类特菜栽培技术     索取号:S643.04/1         预约/预借

序号 登录号 条形码 馆藏地/架位号 状态 备注
1 0349048   201344508   样本书库/样007架B面1层2列/ [索取号:S643.04/1] 在馆    
2 0349049   201344456   中心书库中库/ 中库032架B面6列3层84/ [索取号:S643.04/1] 在馆    
3 0349050   201344535   中心书库中库/ 中库032架B面6列3层85/ [索取号:S643.04/1] 在馆    
4 0349051   201344526   中心书库中库/ 中库032架B面6列3层87/ [索取号:S643.04/1] 在馆    
5 0349052   201344474   中心书库中库/ 中库032架B面6列3层86/ [索取号:S643.04/1] 在馆    
山东省滨州职业学院图书馆 欢迎您!
大连网信软件有限公司© 版权所有